| 000 | 00706nam a2200181 4500 | ||
|---|---|---|---|
| 005 | 20260330190842.0 | ||
| 008 | 210604b ||||| |||| 00| 0 eng d | ||
| 022 | _a10422587 | ||
| 082 | _aDPer 658.405 En86 September-November 2015 v. 39 n. 5 | ||
| 100 |
_aSuddaby, Roy. _943327 |
||
| 245 |
_aThe art of the form : _ba configurational perspective / _cRoy Suddaby and Ryan Young. |
||
| 260 |
_aHoboken, NJ ; _bWiley Subscription Services, Inc. , _cNovember 2015. |
||
| 300 |
_aVolume 39, pages 1371-1378 ; _c25 cm. |
||
| 500 | _aEntrepreneurship Theory and Practice, vol. 39, no. 5, pages 1371-1378, November 2025. | ||
| 650 |
_aBusiness. _943328 |
||
| 700 |
_aYoung, R. _eAuthor. _943329 |
||
| 942 |
_2ddc _cPER |
||
| 999 |
_c16179 _d16179 |
||